Management information system of Fauji cereals (Record no. 9286)

000 -LEADER
fixed length control field 00534 a2200145 4500
040 ## - CATALOGING SOURCE
Original cataloging agency 0
082 ## - DEWEY DECIMAL CLASSIFICATION NUMBER
Classification number PGDIT-2
100 ## - MAIN ENTRY--PERSONAL NAME
Personal name Riaz Mahmood.
9 (RLIN) 101137
245 ## - TITLE STATEMENT
Title Management information system of Fauji cereals
Statement of responsibility, etc. Riaz Mahmood.
260 ## - PUBLICATION, DISTRIBUTION, ETC.
Place of publication, distribution, etc. Islamabad :
Name of publisher, distributor, etc. NUST School of Electrical Engineering & Computer Science,
Date of publication, distribution, etc. 2000.
300 ## - PHYSICAL DESCRIPTION
Extent xiii, 73 p. :
Other physical details ill. ;
Dimensions 27 cm. +
Accompanying material CD-ROM.
500 ## - GENERAL NOTE
General note Supervisors : Dr. Arshad Ali, Mr. Nabeel Zubair.
856 ## - ELECTRONIC LOCATION AND ACCESS
Uniform Resource Identifier <a href="http://10.250.8.41:8080/xmlui/handle/123456789/13208">http://10.250.8.41:8080/xmlui/handle/123456789/13208</a>
942 ## - ADDED ENTRY ELEMENTS (KOHA)
Koha item type Project Report
Call number prefix PGDIT-2 RIA
Source of classification or shelving scheme
Holdings
Withdrawn status Lost status Damaged status Not for loan Permanent Location Current Location Total Checkouts Full call number Barcode Date last seen Price effective from Koha item type Source of classification or shelving scheme Shelving location Date acquired
        Central Library (CL) Central Library (CL)   PGDIT-2 RIA SEECSP00446 11/14/2012 11/14/2012 Project Report      
        Central Library (CL) Central Library (CL)   004PGDIT-2 CL-T-4060 11/12/2019 11/12/2019 Thesis   Thesis 11/12/2019
© 2023 Central Library, National University of Sciences and Technology. All Rights Reserved.